000 00466nam a2200181Ia 4500
001 3945
005 20260306145720.0
008 260306t2012||||xx |||||||||||||| ||spa||
041 _aESP
082 _a305.80072
_bA61
100 _aAngrosino, Michael
_eAUT
245 0 _aEtnografía y observación participante en investigación cualitativa
260 _c2012
300 _a143 páginas :
_c24 cm.
650 _aGEN
654 _aCHU
942 _cLIB
_dJUS
_fJUS
_2ddc
_n
999 _c3945
_d3945